Sobre las libertades / (Registro nro. 2368)
[ vista simple ]
| 000 -LEADER | |
|---|---|
| fixed length control field | 00611nam a2200217 a 4500 |
| 008 - CAMPO DE CONTROL (LIBRO) | |
| fixed length control field | 170302e1190 ag ||||| |||| 00| 0 spa d |
| 041 ## - CODIGO DE IDIOMA | |
| Código de idioma del texto/pista de sonido o título separado | spa |
| 092 ## - SIGNATURA TOPOGRAFICA DEWEY LOCAL | |
| número de clasificación | 171 |
| libristica | 72 |
| sección | RAW |
| 100 1# - ENTRADA PRINCIPAL--NOMBRE PERSONAL | |
| Nombre personal | Rawls, John |
| 9 (RLIN) | 3169 |
| 245 ## - TITULO PROPIAMENTE DICHO | |
| Título | Sobre las libertades / |
| Mención de responsabilidad y remanente de la transcripción de la portada | John Rawls |
| 250 ## - MENCION DE EDICION | |
| Mención de edición | 1a ed. |
| 260 ## - PIE DE IMPRENTA | |
| Lugar de publicación, distribución, etc | Barcelona: |
| Nombre de la editorial, distribuidor, etc | Paidos; |
| Fecha de publicación | 1990. |
| 300 ## - DESCRIPCION FISICA | |
| Extension | 122 p. |
| 500 ## - NOTA GENERAL | |
| Nota general | Rawls, J. (1990). Sobre las libertades. (1a ed.). Barcelona : Paidós. |
| 590 ## - NOTAS LOCALES (RLIN) | |
| Nota local | Donacion Dra. Dora Vera 2017 |
| 653 ## - TÉRMINO INDIZADO - PALABRAS CLAVES | |
| Palabra clave | Justicia y libertad |
| 653 ## - TÉRMINO INDIZADO - PALABRAS CLAVES | |
| Palabra clave | Justicia y equidad |
| 653 ## - TÉRMINO INDIZADO - PALABRAS CLAVES | |
| Palabra clave | Prioridades |
| 653 ## - TÉRMINO INDIZADO - PALABRAS CLAVES | |
| Palabra clave | Libertades |
| 942 ## - ADDED ENTRY ELEMENTS (KOHA) | |
| Source of classification or shelving scheme | Dewey Decimal Classification |
| Item type | Libros |
| Estado de retiro | Existencia | Fuente de clasificación | Estado general | No para prestamo | Colección | Ubicación permanente | ubicación actual | Sala de ubicación | Fecha de adquisición | Fuente de adquisición | Total Checkouts | Número de clasificación | Código de barras | Date last seen | Número de ejemplar | Price effective from | Koha tipo de elemento (item) | Public note |
|---|---|---|---|---|---|---|---|---|---|---|---|---|---|---|---|---|---|---|
| Dewey Decimal Classification | Non-fiction | Biblioteca Medicina | Biblioteca Medicina | Circulación | 02/03/2017 | Donacion | 171;72;RAW | 3810 | 02/03/2017 | Ej. 1 | 02/03/2017 | Libros | Donacion Dra. Dora Vera 2017 |